| 000 | 00653nam a2200217 a 4500 | ||
|---|---|---|---|
| 005 | 20140310183617.0 | ||
| 008 | 120904s19uu xx 00 eng d | ||
| 020 | _a9781849205719 | ||
| 050 |
_aHF 5415 _b.M3345 2010 |
||
| 100 | _aMasterson, Rosalind | ||
| 245 |
_aMarketing : _ban introduction / _cRosalind Masterson & David Pickton. |
||
| 250 | _a2nd ed. | ||
| 260 |
_aLondon ; Thousand Oaks, CA : _bSAGE, _c2010. |
||
| 300 |
_axviii, 508 p. _bcol. ill. ; _c29 cm. |
||
| 500 | _aIncludes bibliographical references and index. | ||
| 521 | _aBSBA | ||
| 546 | _aC15384 | ||
| 650 | _aMarketing | ||
| 700 | _aPickton, David. | ||
| 942 |
_cBK _2lcc _kFOR |
||
| 999 |
_c25345 _d25345 |
||